| Tag |
First Indicator |
Second Indicator |
Subfields |
| LEADER |
00000cam a2200000 i 4500 |
| 001 |
in00003432321 |
| 005 |
20151206130157.0 |
| 008 |
141022t20152015onc b 001 0 eng |
| 020 |
|
|
|a 9781459705708 (pbk.)
|
| 020 |
|
|
|a 145970570X (pbk.)
|
| 035 |
|
|
|a (OCoLC)ocn893702858
|
| 040 |
|
|
|a NLC
|b eng
|e rda
|c NLC
|d CDX
|d C#P
|d UtOrBLW
|
| 043 |
|
|
|a n-us---
|a n-cn---
|
| 049 |
|
|
|a TXAM
|
| 050 |
|
4 |
|a E540.C25
|b P75 2015
|
| 055 |
|
0 |
|a E540 C25
|b P75 2015
|
| 082 |
0 |
|
|a 973.7089/96071
|2 23
|
| 100 |
1 |
|
|a Prince, Bryan,
|d 1951-
|e author.
|
| 245 |
1 |
0 |
|a My brother's keeper :
|b African Canadians and the American Civil War /
|c Bryan Prince.
|
| 264 |
|
1 |
|a Toronto :
|b Dundurn Press,
|c [2015]
|
| 264 |
|
4 |
|c ©2015
|
| 300 |
|
|
|a 347 pages :
|b illustrations ;
|c 23 cm.
|
| 336 |
|
|
|a text
|b txt
|2 rdacontent
|
| 337 |
|
|
|a unmediated
|b n
|2 rdamedia
|
| 338 |
|
|
|a volume
|b nc
|2 rdacarrier
|
| 504 |
|
|
|a Includes bibliographical references and index.
|
| 651 |
|
0 |
|a United States
|x History
|y Civil War, 1861-1865
|x Participation, Black Canadian.
|
| 651 |
|
0 |
|a United States
|x History
|y Civil War, 1861-1865
|x Blacks
|z Canada.
|
| 650 |
|
0 |
|a Blacks
|z Canada
|x History
|y 19th century.
|
| 651 |
|
0 |
|a Canada
|x History
|y 1841-1867.
|
| 945 |
|
|
|a PromptCat
|b 97521
|
| 946 |
|
|
|a stk
|
| 947 |
|
|
|a A14842953946
|
| 948 |
|
|
|a cataloged
|b h
|c 2015/3/6
|d c
|e dmitchel
|f 10:20:30 am
|
| 994 |
|
|
|a 92
|b TXA
|
| 999 |
|
|
|a MARS
|
| 999 |
f |
f |
|s 34c13d2e-e74c-39f9-8771-19e9fdee08d7
|i 9df08017-0a58-3aa5-a351-5b2847d151ab
|t 0
|
| 952 |
f |
f |
|p normal
|a Texas A&M University
|b College Station
|c Sterling C. Evans Library
|d Evans: Library Stacks
|t 0
|e E540.C25 P75 2015
|h Library of Congress classification
|i unmediated -- volume
|m A14842953946
|
| 998 |
f |
f |
|a E540.C25 P75 2015
|t 0
|l Evans: Library Stacks
|